| 000 | 00649cam a2200217 4500500 | ||
|---|---|---|---|
| 005 | 20260405003628.0 | ||
| 041 | _afre | ||
| 042 | _adc | ||
| 100 | 1 | 0 |
_aDurand, Jean-Marie _eauthor |
| 245 | 0 | 0 | _aPourquoi le mal frappe les gens bien ? |
| 260 | _c2023. | ||
| 500 | _a92 | ||
| 690 | _aBanalité du mal | ||
| 690 | _aFrédérique Leichter-Flack | ||
| 690 | _aLittérature | ||
| 690 | _aMal | ||
| 690 | _aScandale | ||
| 690 | _aSouffrance | ||
| 786 | 0 | _nPhilosophie magazine | 166 | 1 | 2023-02-01 | p. 53-54 | 1951-1787 | |
| 856 | 4 | 1 | _uhttps://shs.cairn.info/magazine-philosophie-magazine-2023-1-page-53?lang=fr&redirect-ssocas=7080 |
| 999 |
_c2069434 _d2069434 |
||